000
00296nam a22001337a 4500
008
260220b ||||| |||| 00| 0 eng d
020
_a
9789994369546
041
_a
Shqip
080
_a
20.1
100
_a
20.1
101
_a
poezi
245
_a
Fytyrë e Panjohur
_c
Sadik Bejko
942
_2
lcc
_c
BK
999
_c
60832
_d
60832